|
|
|
|
| LEADER |
00000nas a22000007a 4500 |
| 005 |
20130326162827.0 |
| 007 |
cr|||| |||| |
| 008 |
130326e2013 mx |||||s|||| 00||0 spa d |
| 020 |
|
|
|a 978-607-440-478-4
|
| 035 |
|
|
|a 7412
|
| 040 |
|
|
|a vLex
|
| 090 |
|
|
|c 4028
|d 4028
|
| 245 |
0 |
0 |
|a Prontuario de amparo 2013
|h [Recurso electrn̤ico]
|
| 256 |
|
|
|a Servicio en ln̕ea
|
| 260 |
|
|
|a Mx̌ico DF :
|b Tax Editores,
|c 2013
|
| 300 |
|
|
|a 1 Recurso electrn̤ico
|
| 506 |
|
|
|d vLex Global
|d vLex Global (Academic Edition, excluding Law Schools)
|d vLex Global (U.S. Academic Edition, Law Schools)
|d vLex Global (U.S. Academic Edition, excluding Law Schools)
|d vLex Global (Academic Edition, Law Schools)
|
| 650 |
0 |
4 |
|a Derecho procesal
|z Mx̌ico
|
| 740 |
|
|
|a vLex Libros (Servicio en ln̕ea)
|
| 856 |
|
|
|a Acceso restringido
|u http://www.vlex.com/source/7412
|
| 942 |
|
|
|c BOOK
|
| 999 |
|
0 |
|a Procedure
|